Duchamp / trad. por julio gómez de la serna :
Guardado en:
| Otros Autores: | , , , |
|---|---|
| Formato: | Libro |
| Publicado: |
Buenos Aires :
Atlántida, [1965-1966]
|
| Series: | Pinacoteca de los genios / asesoramiento general de Rafael Squirru
|
| Materias: | |
| Etiquetas: |
Agregar Etiqueta
Sin Etiquetas, Sea el primero en etiquetar este registro!
|
| LEADER | 00912nam a22002775a 4500 | ||
|---|---|---|---|
| 001 | EHU.bham045367 | ||
| 003 | AR-BHAM | ||
| 005 | 20180827121051.0 | ||
| 008 | 130507b######################000#0#####d | ||
| 082 | 7 | 5 | |a 759 |
| 245 | 0 | 0 | |a Duchamp / |b trad. por julio gómez de la serna : |c Monografía De María Fossi Todorow : |
| 260 | |a Buenos Aires : |b Atlántida, [1965-1966] | ||
| 300 | |a 8 p. ; 16 láminas | ||
| 490 | 0 | |a Pinacoteca de los genios / asesoramiento general de Rafael Squirru | |
| 600 | 1 | 4 | |a Duchamp, Marcel |
| 653 | |a Arte francés | ||
| 653 | |a Pintura francesa | ||
| 653 | |a Colección llull | ||
| 653 | |a Surrealismo | ||
| 653 | |a Cubismo | ||
| 653 | |a Dadaísmo | ||
| 700 | 1 | |a Fossi Todorov, María | |
| 700 | 1 | |a Gómez de La Serna, Julio, trad. | |
| 700 | 1 | |a Oldenburg, Bengt | |
| 700 | 1 | |a Squirru, Rafael, asesor | |
| 859 | |a AR-BHAM |b BIB. HUMANIDADES - General |h 759 |i P65 |p 526.09 |t Ej.1 |v XXXVI |3 XXXVI | ||
